Integrative Wirtschaftsethik Grundlagen einer lebensdienlichen Ökonomie

Salvato in:
Dettagli Bibliografici
Autore principale: Ulrich, Peter
Natura: Libro
Lingua:tedesco
Pubblicazione: Bern Haupt 1997
Edizione:1. Aufl.
Soggetti:
Tags: Aggiungi Tag
Nessun Tag, puoi essere il primo ad aggiungerne!!

MARC

LEADER 00000nam a2200000 4500
001 c021914
005 20221129110211.5
020 |a 3-258-05610-2 
041 0 |a ger 
044 |a CH 
245 1 0 |a Integrative Wirtschaftsethik  |b Grundlagen einer lebensdienlichen Ökonomie  |c Peter Ulrich 
250 |a 1. Aufl. 
264 1 |a Bern  |b Haupt  |c 1997 
300 |a 517 s. 
610 2 0 |a etika 
610 2 0 |a etika podnikateľská 
610 2 0 |a aktivita hospodárska 
610 2 0 |a aktivita pracovná 
610 2 0 |a morálka 
610 2 0 |a filozofia 
610 2 0 |a podnikanie 
610 2 0 |a vzťahy medziľudské 
610 2 0 |a hospodárstvo trhové 
610 2 0 |a trh 
610 2 0 |a dogmatizmus 
610 2 0 |a spoločnosť 
610 2 0 |a kritika 
610 2 0 |a konkurencia 
610 2 0 |a zisk 
610 2 0 |a politika podnikania 
100 1 |a Ulrich, Peter